000 01512nam a2200385 a 4500
001 000113497
003 CHAP
005 20250613133125.0
008 170725s2016 mx a fsm |||||||spa d
010 _a109958
011 _a110930
040 _cCHAP
090 _aTesis
100 1 _aBenitez Marcial, Elizabeth.
_9132823
245 1 0 _aEfecto bioinsecticida de aceites esenciales y extractos de plantas en el control de Dysmicoccus brevipes en piña /
_h[En línea]
_cpor Elizabeth Benitez Marcial.
260 _aSan José Puyacatengo, Teapa, Tab. :
_bEl autor,
_c2016.
500 _aPara ver el contenido del material haga clic en la liga
502 _aTesis (Ing. Agr. Esp. en Zonas Tropicales) -- UACH. Unidad Regional Universitaria Sursureste
590 _aBATCH-UPD
_b05
_c20170726
_lUCH01
_h1041
590 _aBATCH-UPD
_b10
_c20170726
_lUCH01
_h1048
590 _aBATCH
_b00
_c20181121
_lUCH01
_h0759
590 _aE11695DGD
_b10
_c20170726
_lUCH01
_h1048
590 _aE6096MTM
_b05
_c20170725
_lUCH01
_h1453
590 _aE6096MTM
_b05
_c20170725
_lUCH01
_h1454
590 _aE6096MTM
_b05
_c20170725
_lUCH01
_h1455
650 1 4 _aAceites esenciales como control de plagas.
_9132845
650 1 4 _aControl biológico de plagas.
_927587
650 1 4 _aInsecticidas de origen vegetal.
_9128972
650 1 7 _aPiña (Ananas comosus)
_xPlagas
_2
_988418
856 _a1
_n0000927
856 _aFinding aid
_uhttp://10.13.5.2/tesis/sist113497.pdf
_zTeclea aquí
901 _aBK
942 _cTESIS
942 _n0
999 _c109958
_d109958